000 00662nam a2200193Ia 4500
003 GCL
008 140319s9999 xx 000 0 ara d
040 _aGCL /
_cGCL
082 0 4 _aش ف
_b791.43
_bب ل
100 1 _aبركات
245 1 0 _aلحن الخلود ( شرائط فيديو ) /
_cبركات
260 _aالقاهرة :
_bافلام جمال الليثى للسينما والفيديو
300 _aا شريط:
_bس ، ب ؛
_c1\2 بوصة
650 0 4 _aالافلام العربية
650 0 4 _aالفيديو، أشرطة
650 0 4 _aالتسجيلات المرئية
650 0 4 _aالافلام العاطفية
942 _2ddc
_cVM
999 _c33958
_d33958